| 000 | 00814nam a22002897a 4500 | ||
|---|---|---|---|
| 001 | 000207 | ||
| 003 | DO-SdBNP | ||
| 005 | 20180307114834.0 | ||
| 007 | 000207 | ||
| 008 | 151210b 1984 sp a 00| 0 spa d | ||
| 020 | _a8426705359 | ||
| 040 |
_aBPMSU _bspa _cBPMSU |
||
| 092 |
_axxxx _bxxxx |
||
| 100 | 1 | _aWinch, Brenda | |
| 240 | 1 | 0 | _aFirst aid / |
| 245 | 1 | 0 |
_aPrimeros auxilios / _cBrenda Winch ; traducción Juan Godo Costa ; ilustraciones Paul Wrigley |
| 260 |
_aBarcelona ; _bMarcombo, _c1984. |
||
| 300 |
_a32 p.; _bil. _c30 cm. |
||
| 490 | 1 | _aBiblioteca técnica juvenil | |
| 700 | 1 | 2 |
_aWrigley, Paul _eil. |
| 700 | 1 | 2 |
_aGodo Costa, Juan _etrad. |
| 830 | 0 | _aBiblioteca técnica juvenil | |
| 910 | _a00144 | ||
| 942 |
_2ddc _cBK |
||
| 945 | _ainventariado, 2018 / dg | ||
| 956 |
_aYngrid Lockward _b10 |
||
| 999 |
_c9408 _d9408 |
||